Municipalities of Málaga (Spain) - Statistics

General Stats
  • This quiz has been taken 81 times
  • The average score is 32 of 103
Answers on the Map
Answers color-coded by a green-red scale on the quiz's map according to % correct below.
 
Answer Stats
Answer % Correct
Málaga
91%
Fuengirola
89%
Torremolinos
87%
Marbella
83%
Vélez-Málaga
83%
Estepona
81%
Mijas
79%
Antequera
75%
Benalmádena
74%
Ronda
72%
Nerja
68%
Rincón de la Victoria
62%
Alhaurín de la Torre
58%
Alhaurín el Grande
55%
Coín
55%
Torrox
55%
Manilva
53%
Álora
51%
Cártama
51%
Villanueva del Trabuco
51%
Casabermeja
43%
Frigiliana
42%
Archidona
40%
Pizarra
40%
Villanueva del Rosario
38%
Ojén
36%
Tolox
34%
Campillos
32%
Cómpeta
32%
Teba
32%
Algarrobo
30%
Arriate
30%
Benahavís
30%
Casarabonela
30%
Totalán
30%
Almogía
28%
Casares
28%
Colmenar
28%
Alfarnate
26%
Alfarnatejo
26%
Ardales
26%
Cortes de la Frontera
26%
Monda
26%
Riogordo
26%
Villanueva de Algaídas
26%
Villanueva de la Concepción
26%
Yunquera
26%
Cañete la Real
25%
Canillas de Aceituno
25%
Carratraca
25%
Comares
25%
Cuevas del Becerro
25%
Cuevas de San Marcos
25%
Júzcar
25%
Alameda
23%
Fuente de Piedra
23%
Humilladero
23%
Sedella
23%
Alcaucín
21%
Benamargosa
21%
Benaoján
21%
Guaro
21%
Istán
21%
Jubrique
21%
Mollina
21%
Periana
21%
Villanueva de Tapia
21%
Alpandeire
19%
Benamocarra
19%
Canillas de Albaida
19%
Cuevas Bajas
19%
El Borge
19%
El Burgo
19%
Gaucín
19%
Iznate
19%
Macharaviaya
19%
Salares
19%
Sayalonga
19%
Valle de Abdalajís
19%
Almáchar
17%
Almargen
17%
Alozaina
17%
Moclinejo
17%
Serrato
17%
Algatocín
15%
Arenas
15%
Faraján
15%
Genalguacil
15%
Montejaque
15%
Árchez
13%
Atajate
13%
Benadalid
13%
Benalauría
13%
Parauta
13%
Pujerra
13%
Benarrabá
11%
Cútar
11%
Sierra de Yeguas
11%
Viñuela
11%
Cartajima
9%
Igualeja
8%
Jimera de Líbar
8%
Montecorto
6%
No matching quizzes found
Score Distribution
Percent of People with Each Score
Percentile by Number Answered
Your Score History
You have not taken this quiz